000 00723nam a2200205Ii 4500
003 JO-AjNU
008 230605s9999||||xx |||||||||||||| ||und||
040 _aJO-AjNU
_bara
_erda
_cJO-AjNU
041 _aara
050 1 4 _aPJ131.6.M85 1989
100 3 _aتاليف عبد الله، محمد محمود,
_eauthor
_97105
245 0 0 _aروضة الذاكرين في أحكام تلاوة الكتاب المبين
250 _aط1
264 3 1 _aبيروت:دار الكتب العلمية,1989
300 _a136ص
336 _atext
_btxt
_2rdacontent
337 _aunmediated
_bn
_2rdamedia
338 _avolume
_bnc
_2rdacarrier
650 4 _aاحكام التلاوة-احكام تلاوة الكتاب المبين
_97106
999 _aA110
_c3678
_d3678